| 000 | 00856nam a2200241 i 4500 | ||
|---|---|---|---|
| 001 | bg | ||
| 100 | 1 | _aKABZA, Zdzisław | |
| 245 | 1 | 0 |
_aMetrologia przepływów, gęstości i lepkości / _cZdzisław Kabza, Krystyna Kostyrko. |
| 260 |
_aOpole : _bWSI, _c1995. |
||
| 300 |
_a103 s. : _brys., wykr. (w tym kolor.) ; _c24 cm. |
||
| 490 | 1 |
_aStudia i Monografie / Wyższa Szkoła Inżynierska w Opolu, _x0239-5991 ; _vz. 87 |
|
| 504 | _aBibliogr. s. 66-69, 94-98. - Summ., Zsfassung. | ||
| 650 | 9 |
_aCiecze _xpomiary _xurządzenia |
|
| 650 | 9 |
_aLepkość _xpomiary _xurządzenia |
|
| 650 | 9 | _aPrzepływomierz | |
| 700 | 1 | _aKOSTYRKO, Krystyna | |
| 830 | 0 |
_aStudia i Monografie (Wyższa Szkoła Inżynierska w Opolu) ; _vz. 87 |
|
| 040 | _cBPK | ||
| 041 | 0 |
_apl _bende |
|
| 080 | _a681.12:532.08 | ||
| 942 | _cKS | ||
| 008 | s pl f |000 0 pol | ||
| 999 |
_c31111 _d31111 |
||
| 856 |
_uhttp://koha.tu.koszalin.pl/cgi-bin/koha/opac-detail.pl?biblionumber=31111 _yKatalog online BPK |
||